Loading...
| Pop Culture | 3 | 0 | 0 | 0 | 45 | 52 | 57.00 | 1 | 3 |
| Literature - American Literature | 1 | 2 | 0 | 0 | 35 | 66 | 100.67 | 0 | 3 |
| Literature - European Literature | 1 | 2 | 0 | 0 | 35 | 68 | 76.33 | 2 | 3 |
| Fine Arts - Visual Fine Arts | 1 | 1 | 0 | 0 | 25 | 56 | 67.00 | 1 | 2 |
| Literature - British Literature | 1 | 1 | 0 | 0 | 25 | 82 | 91.00 | 0 | 2 |
| Philosophy | 0 | 2 | 0 | 0 | 20 | 81 | 82.50 | 1 | 1 |
| History - American History | 0 | 2 | 0 | 1 | 20 | 68 | 101.50 | 0 | 0 |
| Fine Arts - Other Fine Arts | 1 | 0 | 0 | 0 | 15 | 65 | 65.00 | 1 | 1 |
| Fine Arts - Auditory Fine Arts | 0 | 1 | 0 | 1 | 10 | 142 | 142.00 | 0 | 0 |
| Literature - World Literature | 0 | 1 | 0 | 0 | 10 | 117 | 117.00 | 0 | 0 |
| Mythology | 0 | 1 | 0 | 0 | 10 | 108 | 108.00 | 1 | 1 |
| Science - Other Science | 0 | 1 | 0 | 1 | 10 | 129 | 129.00 | 0 | 0 |
| Social Science | 0 | 0 | 2 | 0 | -10 | 0.00 | 0 | 0 |